000 01142nam a2200313 i 4500
003 DO-SdBPMSU
005 20250303080411.0
007 ta
008 230713b2022 dr ac||| |||| 00| 0 spa d
020 _a9789945930283
040 _aDO-SdBPM
_bspa
_cBPMSU
_erda
082 4 _222
_aRD863.5
_bH565p 2022
100 1 _aHerrera, Niurca
_eautora
245 1 0 _aPollo cojo /
_cNiurca Herrera ; ilustración, Daniel O. Polanco Valerio
264 1 _aSanto Domingo :
_bEl Gato Ediciones,
_c2022.
300 _a29 páginas :
_bilustraciones ;
_c28 cm.
336 _2rdacontent
_atexto
_btxt
337 _2rdamedia
_asin mediación
_bn
338 _2rdacarrier
_avolumen
_bnc
500 _aPollo cojo es una historia inspirada en la vida de Edén Carvajal, atleta paralímpico con discapacidad motora.
590 _aInventariado, 2025/VM
650 4 _aCuentos infantiles dominicanos
650 4 _aAnimales
_vCuentos infantiles
650 4 _aLibros ilustrados para niños
650 4 _aLiteratura infantil dominicana
700 1 _aPolanco Valerio, Daniel O.,
_eilustración
910 _aVMateo V. Control de calidad. BPMSU
942 _2ddc
_cBK
999 _c14963
_d14963